| 000 | 00467nam a22001337a 4500 | ||
|---|---|---|---|
| 008 | 131028b xxu||||| |||| 00| 0 alb d | ||
| 041 | 0 | _aalb | |
| 080 |
_a327 _x(496.51)(042.5) |
||
| 245 | 0 | 0 | _aPolitika e jashtme e Kosovës : (Pas përcaktimit të statusit final) |
| 260 |
_aPrishtinë : _bForum 15 ; _c2007. |
||
| 300 |
_a111 f. ; _c24 cm. |
||
| 650 |
_aMarrëdhënie ndërkombëtare _zKosovë |
||
| 942 |
_2udc _cBK |
||
| 999 |
_c183 _d183 |
||